
Library Catalogue

| 000 -LEADER | |
|---|---|
| fixed length control field | 01794cam a22002534i 4500 |
| 001 - CONTROL NUMBER | |
| control field | 18747947 |
| 003 - CONTROL NUMBER IDENTIFIER | |
| control field | OSt |
| 005 - DATE AND TIME OF LATEST TRANSACTION | |
| control field | 20260109111810.0 |
| 008 - FIXED-LENGTH DATA ELEMENTS--GENERAL INFORMATION | |
| fixed length control field | 150818s2015 dcu 001 0 eng |
| 020 ## - INTERNATIONAL STANDARD BOOK NUMBER | |
| International Standard Book Number | 9780231704502 |
| 040 ## - CATALOGING SOURCE | |
| Transcribing agency | . |
| 082 ## - DEWEY DECIMAL CLASSIFICATION NUMBER | |
| Classification number | 303.66 LUN |
| 245 00 - TITLE STATEMENT | |
| Title | Across the lines of conflict : |
| Remainder of title | facilitating cooperation to build peace / |
| Statement of responsibility, etc. | edited by Michael Lund and Steve McDonald. |
| 264 #1 - PRODUCTION, PUBLICATION, DISTRIBUTION, MANUFACTURE, AND COPYRIGHT NOTICE | |
| Place of production, publication, distribution, manufacture | Washington, D.C : |
| Name of producer, publisher, distributor, manufacturer | Woodrow Wilson Center Press/Columbia University Press, New York , |
| Date of production, publication, distribution, manufacture, or copyright notice | 2015 |
| 300 ## - PHYSICAL DESCRIPTION | |
| Extent | xxvi, 414 p. |
| Dimensions | 24 cm |
| 505 ## - FORMATTED CONTENTS NOTE | |
| Formatted contents note | Contents: Foreword / Lee H. Hamilton; Preface / Steve McDonald; Intrastate conflicts and the problem of political will / Michael Lund; Unofficial conflict resolution and sustainable peace / Michael Lund; Estonia: psychopolitical dialogue contributing to conflict prevention / Susan H. Allen; Can dialogues change the course of a small nation? The social cohesion program in Guyana / Michael Lund; Tajikistan: peace secured, but the state of our dreams? / Anna Mateeva; Sri LankaL when negotiations fail; talks for the sake of talks; war for the sake of peace / Hannes Siebert with Chanya Charles; The Harvard study group on Cyprus: contributions to an unfulfilled peace process / Diana Chigas; The Burundi leadership training program / Susanna Campbell and Peter Uvin; Learning from case studies: impacts and explanations / Michael Lund; Contemporary implications: from trust-building to institution-building / Michael Lund |
| 650 #0 - SUBJECT ADDED ENTRY--TOPICAL TERM | |
| Topical term or geographic name entry element | Peace-building |
| Form subdivision | Case studies. |
| 650 #0 - SUBJECT ADDED ENTRY--TOPICAL TERM | |
| Topical term or geographic name entry element | Conflict management |
| Form subdivision | Case studies. |
| 650 #0 - SUBJECT ADDED ENTRY--TOPICAL TERM | |
| Topical term or geographic name entry element | Reconciliation |
| Form subdivision | Case studies. |
| 700 1# - ADDED ENTRY--PERSONAL NAME | |
| Personal name | Lund, Michael S., |
| Dates associated with a name | 1941- |
| Relator term | editor. |
| 700 1# - ADDED ENTRY--PERSONAL NAME | |
| Personal name | McDonald, Steve, |
| Dates associated with a name | 1945- |
| Relator term | editor. |
| 942 ## - ADDED ENTRY ELEMENTS (KOHA) | |
| Source of classification or shelving scheme | Dewey Decimal Classification |
| Koha item type | BOOKs |
| Withdrawn status | Lost status | Source of classification or shelving scheme | Damaged status | Not for loan | Home library | Current library | Shelving location | Date acquired | Cost, normal purchase price | Total Checkouts | Full call number | Barcode | Date last seen | Price effective from | Koha item type |
|---|---|---|---|---|---|---|---|---|---|---|---|---|---|---|---|
| Dewey Decimal Classification | . | . | General Stacks | 30.05.2017 | 4320.00 | 303.66 LUN | 33821 | 30.05.2017 | 30.05.2017 | BOOKs |